000 00867cam a22002651 4500
001 sa 66005131
003 DLC
005 20260227112247.0
008 780829s1965 ii b 000 0 eng
010 _asa 66005131
035 _a(OCoLC)4177677
040 _aDLC
_cMiEM
_dDLC
042 _apremarc
050 0 0 _aHC435
_b.V22
082 _a338.0954
100 1 _aVaid, K. N.
245 1 0 _aIndustrial production in India
_c[by] K. N. Vaid [and] K. K. Ludhera.
260 _a[New Delhi,
_bShri Ram Centre for Industrial Relations,
_c1965]
300 _avii, 24 p.
_c24 cm.
490 1 _aIndustrial relations statistical series,
_v3
504 _aBibliographical footnotes.
650 0 _aIndustries
_zIndia
700 1 _aLudhera, K. K.,
_ejoint author
810 2 _aShri Ram Centre for Industrial Relations, Delhi.
_tIndustrial relations statistical series ;
_v3.
999 _c69828
_d69828